| 000 | 05287nam a22005537a 4500 | ||
|---|---|---|---|
| 005 | 20091214114743.0 | ||
| 008 | 091214t xxu||||| |||| 00| 0 eng d | ||
| 010 | _aB-369112-137 | ||
| 020 |
_a9788184081954 _c130.00 |
||
| 035 | _aB-369112-137 | ||
| 037 | _bIndiana Publishing House | ||
| 040 |
_adpl _bEnglish |
||
| 082 | _aS | ||
| 245 |
_aStories from Panchatantra / _cretold by Chandrgupt; illustsrated by Kingston |
||
| 260 |
_aNew Delhi _bCross Land Books _c2010(repr.). |
||
| 270 |
_a2/13, Ansari Road, Darya Ganj, _bNew Delhi _e110002 |
||
| 300 |
_a256p.: _b ill. _c24cm(Hb) |
||
| 490 | _aCross Land Illustrated classics | ||
| 700 | _aGhandrgupt | ||
| 700 | _aKingston | ||
| 942 |
_2ddc _cCH _mSTO _hS |
||
| 999 |
_c32742 _d32742 |
||